书目信息 |
| 题名: |
PowerPoint2002XP中文版直通车
|
|
| 作者: | 徐冉 , 贺军 编著 | |
| 分册: | ||
| 出版信息: | 北京 清华大学出版社 2001.07 |
|
| 页数: | 302页 | |
| 开本: | 26cm | |
| 丛书名: | ||
| 单 册: | ||
| 中图分类: | TP391 | |
| 科图分类: | ||
| 主题词: | 计算机应用 | |
| 电子资源: | ||
| ISBN: | 7-302-04592-5 | |
| 000 | 00616nam0 2200205 45 | |
| 001 | 0238556546 | |
| 005 | 2002052010423621 | |
| 010 | @a7-302-04592-5@dRMB 30.00 | |
| 100 | @a20020520d2001 km y0chiy0120 ea | |
| 101 | 0 | @achi |
| 102 | @aCN@b110000 | |
| 200 | 1 | @aPowerPoint2002XP中文版直通车@APowerPoint2002XP Zhong Wen Ban Zhi Tong Che@f徐冉,贺军编著@FXu Ran,He Jun Bian Zhu |
| 210 | @a北京@c清华大学出版社@d2001.07 | |
| 215 | @a302页@d26cm | |
| 606 | 0 | @a计算机应用 |
| 690 | @aTP391@v3 | |
| 701 | 0 | @a徐冉@AXu Ran@4编著 |
| 701 | 0 | @a贺军@AHe Jun@4编著 |
| 801 | 0 | @aCN@bPFT@c20020520 |
| 905 | @a安徽大学@dTP391@eX785 | |
| PowerPoint2002XP中文版直通车/徐冉,贺军编著.-北京:清华大学出版社,2001.07 |
| 302页;26cm |
| ISBN 7-302-04592-5:RMB 30.00 |
| ● |
| 相关链接 |
|
|
|
正题名:PowerPoint2002XP中文版直通车
索取号:TP391/X785
 
预约/预借
| 序号 | 登录号 | 条形码 | 馆藏地/架位号 | 状态 | 备注 |
| 1 | 354225 | 203542256 | 期刊室512/301自科库 60排3列5层/ [索取号:TP391/X785] | 在馆 | |
| 2 | 354226 | 203542265 | 期刊室512/301自科库 60排3列5层/ [索取号:TP391/X785] | 在馆 |